000 00317nam a22001457a 4500
003 OSt
008 250519b |||||||| |||| 00| 0 eng d
100 _aBHAGAT, Ganesh
245 _aKrantidutt
250 _a7th
260 _aNew Delhi
_bArya Prakashan
_c2007
300 _a96
650 _aGeneral
942 _2ddc
_cBK
999 _c13597
_d13597